Introducción a la lingüística de corpus en español.
Spremljeno u:
| Glavni autor: | |
|---|---|
| Format: | Nepoznato |
| Jezik: | engleski |
| Izdano: |
Oxford, Reino Unido:
Routledge Taylor and Francis Group,
2021
|
| Serija: | Routledge Introductions to Spanish Language and Linguistics
|
| Teme: | |
| Oznake: |
Dodaj oznaku
Bez oznaka, Budi prvi tko označuje ovaj zapis!
|
MARC
| LEADER | 00000 a2200000 4500 | ||
|---|---|---|---|
| 003 | CL-VaPUC | ||
| 005 | 20240617131416.0 | ||
| 008 | 220223b2021 ||||| |||| 00| 0 eng d | ||
| 999 | |c 433968 |d 433966 | ||
| 020 | |a 978-0367-635848 | ||
| 040 | |c Pontificia Universidad Católica de Valparaíso | ||
| 082 | |a 460 ROJ 2021 |2 22 | ||
| 100 | |a Rojo, Guillermo |9 464770 |e autor | ||
| 245 | |a Introducción a la lingüística de corpus en español. | ||
| 260 | |a Oxford, Reino Unido: |b Routledge Taylor and Francis Group, |c 2021 | ||
| 300 | |a xxiii; 380 páginas | ||
| 490 | |a Routledge Introductions to Spanish Language and Linguistics | ||
| 583 | |k GC |c 20220223 | ||
| 650 | 0 | |a Lengua española |9 314728 | |
| 650 | 0 | |a Lingüística |9 265068 |x Estudio y enseñanza | |
| 942 | |2 ddc |c BK | ||
| 952 | |0 0 |1 0 |2 ddc |4 0 |6 460_000000000000000_ROJ_2021 |7 0 |8 A |9 580397 |a BIBEDU |b BIBEDU |c GEN |d 2022-01-11 |e 3 |g 48750.00 |i 5637228 |l 2 |m 2 |o 460 ROJ 2021 |p 5637228 |r 2022-06-28 |s 2022-06-06 |t 1 |v 48750.00 |w 2022-01-11 |y BK |k LIT | ||